<?xml version="1.0" encoding="UTF-8"?>
<record
    xmlns:xsi="http://www.w3.org/2001/XMLSchema-instance"
    xsi:schemaLocation="http://www.loc.gov/MARC21/slim http://www.loc.gov/standards/marcxml/schema/MARC21slim.xsd"
    xmlns="http://www.loc.gov/MARC21/slim">

  <leader>00870nam a22001937a 4500</leader>
  <controlfield tag="001">10042</controlfield>
  <controlfield tag="003">FISKH</controlfield>
  <controlfield tag="005">20260401101429.0</controlfield>
  <controlfield tag="008">260401b        cb ||||| |||| 00| 0 eng d</controlfield>
  <datafield tag="020" ind1=" " ind2=" ">
    <subfield code="a">9787552547443</subfield>
  </datafield>
  <datafield tag="040" ind1=" " ind2=" ">
    <subfield code="a">FISKH</subfield>
    <subfield code="b">chi</subfield>
    <subfield code="c">FISKH</subfield>
    <subfield code="d">FISKH</subfield>
  </datafield>
  <datafield tag="082" ind1=" " ind2=" ">
    <subfield code="a">155.4</subfield>
  </datafield>
  <datafield tag="100" ind1=" " ind2=" ">
    <subfield code="a">&#x6B23;&#x91D1;&#x661F;&#x6587;&#x5316; &#x7F16;</subfield>
  </datafield>
  <datafield tag="245" ind1=" " ind2=" ">
    <subfield code="a">&#x513F;&#x7AE5;&#x60C5;&#x7EEA;&#x7BA1;&#x7406;&#x4E0E;&#x6027;&#x683C;&#x57F9;&#x517B;&#x7ED8;&#x672C;&#xFF08;&#x5168;10&#x518C;&#xFF09;:</subfield>
    <subfield code="c">By &#x6B23;&#x91D1;&#x661F;&#x6587;&#x5316; &#x7F16;</subfield>
    <subfield code="b">I can do my duty /</subfield>
  </datafield>
  <datafield tag="300" ind1=" " ind2=" ">
    <subfield code="a">31 pages : </subfield>
    <subfield code="b">color illustrations ;</subfield>
    <subfield code="c">22 cm .</subfield>
  </datafield>
  <datafield tag="520" ind1=" " ind2=" ">
    <subfield code="a">&#x672C;&#x5957;&#x7ED8;&#x672C;&#x901A;&#x8FC7;&#x751F;&#x52A8;&#x6709;&#x8DA3;&#x7684;&#x6545;&#x4E8B;&#x548C;&#x63D2;&#x56FE;&#xFF0C;&#x5F15;&#x5BFC;&#x513F;&#x7AE5;&#x5B66;&#x4E60;&#x60C5;&#x7EEA;&#x7BA1;&#x7406;&#x4E0E;&#x826F;&#x597D;&#x6027;&#x683C;&#x7684;&#x57F9;&#x517B;&#xFF0C;&#x5982;&#x5B66;&#x4F1A;&#x63A7;&#x5236;&#x60C5;&#x7EEA;&#x3001;&#x52C7;&#x6562;&#x81EA;&#x4FE1;&#x3001;&#x4E0E;&#x4ED6;&#x4EBA;&#x53CB;&#x597D;&#x76F8;&#x5904;&#x4EE5;&#x53CA;&#x61C2;&#x793C;&#x8C8C;&#x3001;&#x8BB2;&#x8BDA;&#x4FE1;&#x7B49;&#x3002;&#x5185;&#x5BB9;&#x7B80;&#x5355;&#x6613;&#x61C2;&#xFF0C;&#x5BD3;&#x6559;&#x4E8E;&#x4E50;&#xFF0C;&#x5E2E;&#x52A9;&#x5B69;&#x5B50;&#x5728;&#x9605;&#x8BFB;&#x4E2D;&#x5F62;&#x6210;&#x79EF;&#x6781;&#x5065;&#x5EB7;&#x7684;&#x884C;&#x4E3A;&#x4E60;&#x60EF;&#xFF0C;&#x9002;&#x5408;&#x65E9;&#x671F;&#x542F;&#x8499;&#x9605;&#x8BFB;&#x3002;</subfield>
  </datafield>
  <datafield tag="942" ind1=" " ind2=" ">
    <subfield code="2">ddc</subfield>
    <subfield code="c">BOOK</subfield>
    <subfield code="n">0</subfield>
  </datafield>
  <datafield tag="999" ind1=" " ind2=" ">
    <subfield code="c">10042</subfield>
    <subfield code="d">10042</subfield>
  </datafield>
  <datafield tag="952" ind1=" " ind2=" ">
    <subfield code="0">0</subfield>
    <subfield code="1">0</subfield>
    <subfield code="2">ddc</subfield>
    <subfield code="4">0</subfield>
    <subfield code="7">0</subfield>
    <subfield code="8">REF</subfield>
    <subfield code="a">002</subfield>
    <subfield code="b">002</subfield>
    <subfield code="c">LSHTTP</subfield>
    <subfield code="d">2026-04-01</subfield>
    <subfield code="l">0</subfield>
    <subfield code="o">&#x6B23;&#x91D1;&#x661F;&#x6587;&#x5316; &#x7F16; 155.4</subfield>
    <subfield code="p">2026-0423</subfield>
    <subfield code="r">2026-04-01 10:11:29</subfield>
    <subfield code="w">2026-04-01</subfield>
    <subfield code="y">BK</subfield>
  </datafield>
</record>
